Die 65 häufigsten ♂ ♀ Vornamen in Thüringen - Statistiken

Allgemein
  • Dieses Quiz wurde 80 mal gespielt
  • Das Durchschnittsergebnis liegt bei 26 aus 67
Antwortstatistiken
♂ /♀ Vorname % Korrekt
Mädchen - - > ⤵️
95%
Jungen - - > ⤵️
95%
E4 Emma
76%
E4 Emil
74%
M3 Mia
74%
L3 Lia
73%
L3 Leo
68%
H6 Hannah
65%
P4 Paul
61%
B3 Ben
60%
K4 Karl
60%
L4 Lina
60%
L3 Lea
58%
F4 Finn
56%
L4 Leon
56%
I3 Ida
52%
E4 Ella
48%
F5 Felix
48%
L5 Lukas
47%
A5 Anton
45%
C9 Charlotte
45%
J5 Jonas
45%
L4 Luca
45%
O5 Oskar
45%
E5 Elias
42%
E5 Emily
42%
L5 Louis
42%
N4 Noah
40%
C5 Clara
39%
E6 Emilia
39%
T4 Theo
39%
A5 Aaron
37%
L4 Leni
37%
M6 Matteo
35%
M4 Mila
35%
A6 Amelie
34%
L4 Luna
34%
L3 Lio
32%
F6 Frieda
31%
L6 Leonie
31%
L4 Liam
31%
M8 Mathilda
31%
M6 Moritz
31%
N4 Nele
29%
H5 Henry
27%
L5 Lilly
24%
Z4 Zoey
24%
J6 Jannis
23%
L5 Lotta
23%
T7 Theodor
23%
A4 Alma
21%
F5 Fritz
21%
L4 Levi
21%
T5 Tilda
21%
H6 Hailey
18%
J4 Juna
18%
M4 Maya
18%
M5 Malia
16%
M5 Milan
16%
R7 Richard
15%
R7 Rosalie
15%
A6 Arthur
13%
J5 Jacob
11%
M5 Merle
10%
A4 Arno
8%
H7 Hermine
8%
R4 Rudi
8%
Keine übereinstimmenden Quizze gefunden
Verteilung der Resultate
Anzahl Personen mit jedem Resultat
Perzentil nach korrekt beantworteten Fragen
Ihre Resultats-Entwicklung
Sie haben dieses Quiz noch nicht gespielt